00394nam a22001337a 4500003000400000082001600004100002200020245003600042260003100078300000800109942001400117952011200131999001700243SGT a617.6bC75M aMarco. Thomas J.  aClinical Dental Sciences Review bArco Publishing Co. c1975 a344 2ddccRARE 00102ddc405171aFDbFDd2026-01-06iSGTUl0o617.6 C75MpFD10169r2026-01-06 00:00:00w2026-01-06yRARE c33260d33260